000 00530nam a22002177a 4500
001 63257
003 UA-OsUOA
005 20211024174617.0
007 ta
008 20090921b un ||||| |||| 00| 0 ukr d
040 _aUA-OsUOA
_brus
_cUA-OsUOA
_dUA-OsUOA
041 _arus
080 _a94(470+571)
090 _a94(470+571)
_bБ48
100 _aБеренштейн Л. Е.
245 _aЗона бури
260 _aК.
_bПолитиздат
_c1976
650 7 _a94 Історія
_2UDC
942 _cBK
_2udc
955 _a3
999 _c349348
_d349348